[Event "IND-ch Rapid 32nd"]
[Site "Pune"]
[Date "2023.03.11"]
[Round "2"]
[White "Gupta, Abhijeet"]
[Black "Manoj, Barua"]
[Result "1-0"]
[WhiteElo "2620"]
[BlackElo "2080"]
[PlyCount "41"]
[EventDate "2023.03.11"]
[EventType "swiss (rapid)"]
[EventRounds "9"]
[EventCountry "IND"]
[SourceTitle "CBM 213 Extra"]
[Source "ChessBase"]
[SourceDate "2023.05.31"]
[SourceVersion "1"]
[SourceVersionDate "2023.05.31"]
[SourceQuality "1"]

1. d4 d5 2. Nf3 Nf6 3. c4 e6 4. g3 Be7 5. Bg2 0-0 6. 0-0 b6 7. cxd5 exd5 8. Nc3 h6 9. Bf4 c5 10. Rc1 Nc6 11. dxc5 bxc5 12. Ne5 Nxe5 13. Bxe5 Be6 14. Bxf6 Bxf6 15. Nxd5 Rc8 16. b3 Bxd5 17. Bxd5 Qa5 18. Qc2 Rfd8 19. Rfd1 Bd4 20. Qf5 Rc7 21. Rxd4 1-0

[Event "New Delhi Parsvnath op 8th"]
[Site "New Delhi"]
[Date "2010.01.15"]
[Round "3"]
[White "Manoj, Barua"]
[Black "Thejkumar, MS."]
[Result "0-1"]
[WhiteElo "2114"]
[BlackElo "2435"]
[PlyCount "66"]
[EventDate "2010.01.14"]
[EventType "swiss"]
[EventRounds "11"]
[EventCountry "IND"]
[SourceTitle "CBM 134 Extra"]
[Source "ChessBase"]
[SourceDate "2010.03.03"]
[SourceVersion "1"]
[SourceVersionDate "2010.03.03"]
[SourceQuality "1"]

1. e4 c6 2. d4 d5 3. Nc3 dxe4 4. Nxe4 Nf6 5. Nxf6+ gxf6 6. Bc4 Bf5 7. Ne2 h5 8. c3 e6 9. 0-0 h4 10. Re1 Nd7 11. Nf4 Qc7 12. a4 0-0-0 13. a5 Bd6 14. Qf3 a6 15. h3 Rdg8 16. Bf1 Nf8 17. d5 Nh7 18. dxc6 Ng5 19. cxb7+ Kb8 20. Qe2 Bxf4 21. Qxa6 Nxh3+ 22. Kh1 Nxf2+ 23. Kg1 Bh2+ 24. Kxf2 Rxg2+ 25. Bxg2 Qg3+ 26. Kf1 Bd3+ 27. Qxd3 Qxd3+ 28. Re2 Bg3 29. Be3 h3 30. Be4 h2 31. Bh1 Rh5 32. Bf4+ Bxf4 33. a6 Ka7 0-1